Freud and his critics / (Record no. 607)

MARC details
000 -LEADER
fixed length control field 00928fam a2200265 a 4500
005 - DATE AND TIME OF LATEST TRANSACTION
control field 20260322212027.0
008 - FIXED-LENGTH DATA ELEMENTS--GENERAL INFORMATION
fixed length control field data
010 ## - LIBRARY OF CONGRESS CONTROL NUMBER
LC control number 92012935
020 ## - INTERNATIONAL STANDARD BOOK NUMBER
International Standard Book Number 0520080297 (alk. paper)
020 ## - INTERNATIONAL STANDARD BOOK NUMBER
International Standard Book Number 9780520080294 (alk. paper)
040 ## - CATALOGING SOURCE
Original cataloging agency DLC
Transcribing agency DLC
Modifying agency CtY
050 00 - LIBRARY OF CONGRESS CALL NUMBER
Classification number BF109.F74
Item number R64 1993
001 - CONTROL NUMBER
control field data
100 1# - MAIN ENTRY--PERSONAL NAME
Personal name Robinson, Paul A.,
Dates associated with a name 1940-
245 10 - TITLE STATEMENT
Title Freud and his critics /
Statement of responsibility, etc. Paul A. Robinson.
260 ## - PUBLICATION, DISTRIBUTION, ETC.
Place of publication, distribution, etc. Berkeley :
Name of publisher, distributor, etc. University of California Press,
Date of publication, distribution, etc. c1993.
300 ## - PHYSICAL DESCRIPTION
Extent 281 p. ;
Dimensions 22 cm.
504 ## - BIBLIOGRAPHY, ETC. NOTE
Bibliography, etc. note Includes bibliographical references and index.
590 ## - LOCAL NOTE (RLIN)
Local note Includes bibliographical references and index.
600 10 - SUBJECT ADDED ENTRY--PERSONAL NAME
Personal name Freud, Sigmund,
Dates associated with a name 1856-1939.
600 10 - SUBJECT ADDED ENTRY--PERSONAL NAME
Personal name Sulloway, Frank J.
General subdivision Views on psychoanalysis.
600 10 - SUBJECT ADDED ENTRY--PERSONAL NAME
Personal name Masson, J. Moussaieff
Fuller form of name (Jeffrey Moussaieff),
Dates associated with a name 1941-
General subdivision Views on psychoanalysis.
600 10 - SUBJECT ADDED ENTRY--PERSONAL NAME
Personal name Grünbaum, Adolf
General subdivision Views on psychoanalysis.
650 #0 - SUBJECT ADDED ENTRY--TOPICAL TERM
Topical term or geographic name entry element Psychoanalysis
General subdivision History.
-- History.
Holdings
Withdrawn status Lost status Damaged status Not for loan Home library Current library Shelving location Date acquired Total checkouts Full call number Barcode Date last seen Price effective from Koha item type
        Centerville Centerville General stacks 22/03/2026   BF109.F74 R64 1993 BC0010622 22/03/2026 22/03/2026 Books